00357nam a2200145 4500020001800000082001400018100002000032245005100052250000700103260003000110300001000140650002000150650002500170650001600195 a9788199220881 aM3bNIZ/N aNizar Ilthumish aNoorul Muneerul Poornanda/cby Nizar Ilthumish a24 aCalicut:bMankind,c2025. a192p. aNovel Malayalam aLiterature Malayalam aLitrerature